Êtes-vous rapide ? Test de rapidité aaabbb - Statistiques

Statistiques générales
  • Ce quiz a été pris 831 fois
  • Le résultat moyen est 6 sur 13
Statistiques - réponses
Lettres Réponse % Correct
Aaabbb Aaabbb
100%
Cccddd Cccddd
97%
Eeefff Eeefff
93%
Ggghhh Ggghhh
85%
Iiijjj Iiijjj
57%
Kkklll Kkklll
49%
Mmmnnn Mmmnnn
41%
Oooppp Oooppp
31%
Qqqrrr Qqqrrr
20%
Sssttt Sssttt
11%
Uuuvvv Uuuvvv
7%
Wwwxxx Wwwxxx
1%
Yyyzzz Yyyzzz
1%
Aucun quiz correspondant
Distribution des résultats
% des personnes avec chaque résultat
Percentile par nombre de réponses
Votre historique - résultats
Vous n’avez pas pris ce quiz